Central Library OPAC University of Rajshahi

বনি-আদম / (Record no. 44842)

MARC details
000 -LEADER
fixed length control field 00755nam a2200217 a 4500
001 - CONTROL NUMBER
control field 44842
003 - CONTROL NUMBER IDENTIFIER
rucl marc code BD-RjUL
005 - DATE AND TIME OF LATEST TRANSACTION
control field 20211209053927.0
008 - FIXED-LENGTH DATA ELEMENTS--GENERAL INFORMATION
fixed length control field 160720s1958 bg ||||| |||| 00| p en d
035 ## - SYSTEM CONTROL NUMBER
System control number (BD-RjUL)44960
040 ## - CATALOGING SOURCE
Original cataloging agency BD-RjUL
Language of cataloging ben
Transcribing agency BD-RjUL
041 ## - LANGUAGE CODE
Language code of text/sound track or separate title ben
082 ## - DEWEY DECIMAL CLASSIFICATION NUMBER
Edition number 23
Classification number 891.441
Author mark and year MOB 1958
100 00 - MAIN ENTRY--PERSONAL NAME
Personal name মোস্তফা, গোলাম
9 (RLIN) 124144
245 10 - TITLE STATEMENT
Title বনি-আদম /
Statement of responsibility, etc. গোলাম মোস্তফা
260 ## - PUBLICATION, DISTRIBUTION, ETC. (IMPRINT)
Place of publication, distribution, etc. ঢাকা :
Name of publisher, distributor, etc. বেগম মাহ্ফুজা খাতুন,
Date of publication, distribution, etc. ১৩৬৫
300 ## - PHYSICAL DESCRIPTION
Pagination ১৫৫ পৃ. ;
Size ২০ সেমি.
650 ## - SUBJECT ADDED ENTRY--TOPICAL TERM
Topical term or geographic name as entry element বাংলা সাহিত্য
Form subdivision কাব্য
9 (RLIN) 137419
Topical term or geographic name as entry element Bengali literature
Form subdivision Poetry
9 (RLIN) 116594
942 ## - ADDED ENTRY ELEMENTS (KOHA)
Source of classification or shelving scheme Dewey Decimal Classification
Koha item type Books
Holdings
Lost status Source of classification or shelving scheme Damaged status Not for loan Collection code Permanent Location Current Location Shelving location Date acquired Source of acquisition Cost, normal purchase price Total Checkouts Full call number Date last seen Copy number Koha item type
  Dewey Decimal Classification     Non-fiction Central Library, University of Rajshahi Central Library, University of Rajshahi   21/01/1965 Ideal 5.00   B 891.441 MOB 1958 20/07/2016 C-2 Books